000 00486nam a2200181Ia 4500
008 151202s9999||||xx |||||||||||||| ||und||
082 _bPNVM-19485
100 _aपंडित बाळ ज.
245 _aपहिले शतक.
260 _b---
260 _c0
300 _a0
600 _aपंडित बाळ ज.
630 _aपहिले शतक.
700 _aपंडित बाळ ज.
730 _aपहिले शतक.
942 _cBOOK
999 _c1285465
_d1285462